Statistics for Colombia Quiz

Click here to take the quiz!

General Stats

  • This quiz has been taken 60 times
  • The average score is 14 of 20

Answer Stats

QuestionAnswer% Correct
Largest CitiesBogota
100%
Blue
100%
Main LanguageSpanish
100%
Red
97%
Flag colorsYellow
97%
Venezuela
94%
Ecuador
94%
Peru
94%
Brazil
94%
Bordering CountriesPanama
91%
Largest CitiesMedellin
88%
Largest CitiesCali
76%
Largest CitiesCartagena
70%
Largest CitiesBarranquilla
67%
Largest CitiesBucaramanga
45%
Main Pacific PortBuenaventura
39%
Southernmost city in ColombiaLeticia
39%
Highest pointCristobal Colon/Simon Bolivar
27%
Largest CitiesCucuta
21%
Bank disputed with the USA and HondurasSerranilla Bank
12%

Score Distribution

Percentile by Number Answered

Percent of People with Each Score

Your Score History

You have not taken this quiz